| 000 | 01247cam a2200313 a 4500 | ||
|---|---|---|---|
| 001 | 2943113 | ||
| 003 | OSt | ||
| 005 | 20230703154734.0 | ||
| 008 | 901211s1991 nyu b 001 0 eng | ||
| 010 | _a 90027447 | ||
| 020 |
_a0879756497 : _c$24.95 |
||
| 040 |
_aDLC _cDLC _dDLC |
||
| 043 | _an-us--- | ||
| 082 | 0 | 0 |
_a342.739852 _bDAV |
| 100 | 1 |
_aDavis, Derek, _d1949- |
|
| 245 | 1 | 0 |
_aOriginal intent : _bChief Justice Rehnquist and the course of American church-state relations / _cDerek Davis ; foreword by Leo Pfeffer. |
| 260 |
_aBuffalo, N.Y. : _bPrometheus Books, _c1991. |
||
| 300 |
_axix, 202 p. ; _c24 cm. |
||
| 504 | _aIncludes bibliographical references (p. [183]-191) and index. | ||
| 600 | 1 | 0 |
_aRehnquist, William H., _d1924-2005. |
| 610 | 1 | 0 |
_aUnited States. _tConstitution. _n1st Amendment. |
| 610 | 1 | 0 |
_aUnited States. _bSupreme Court. |
| 650 | 0 |
_aFreedom of religion _zUnited States. |
|
| 650 | 0 |
_aChurch and state _zUnited States. |
|
| 856 | 4 | 2 |
_3Publisher description _uhttp://www.loc.gov/catdir/enhancements/fy1309/90027447-d.html |
| 906 |
_a7 _bcbc _corignew _d1 _eocip _f19 _gy-gencatlg |
||
| 942 |
_2ddc _cBK |
||
| 999 |
_c3465 _d3465 |
||